Movies Quiz

Random Movies or Translation Quiz
Score 0/50 Timer 10:00
0 Plays Today
French Title English Title % Correct
L'exorcisteThe Exorcist
79.1%
La belle et la bêteBeauty and the Beast
74.8%
Les oiseauxThe Birds
65.7%
Le Cygne NoirBlack Swan
64.6%
La cité de DieuCity of God
61.7%
Orange mécaniqueA Clockwork Orange
61.6%
Les indestructiblesThe Incredibles
60.1%
La ligne verteThe Green Mile
56.4%
L'empire contre-attaqueThe Empire Strikes Back
55.2%
Le Chevalier noirThe Dark Knight
54.4%
Arrête-moi si tu peuxCatch Me If You Can
53.1%
Certains l'aiment chaudSome Like it Hot
52.1%
La soupe au canardDuck Soup
51.4%
Danse avec les loupsDances With Wolves
50.7%
La petite sirèneThe Little Mermaid
50.4%
Un tramway nommé désirA Streetcar Named Desire
50.3%
Non, ce pays n'est pas pour le vieil hommeNo Country for Old Men
48%
SuperGraveSuperbad
48%
Les dents de la merJaws
47.5%
Luke la main froideCool Hand Luke
42.7%
S.O.S. fantômesGhost Busters
42.4%
La vie est belleIt's a Wonderful Life
42.3%
La légende du gros poissonBig Fish
42%
Les hommes du présidentAll The President's Men
38.1%
Autant en emporte le ventGone With the Wind
38.1%
French Title English Title % Correct
Les aventuriers de l'arche perdueRaiders of the Lost Ark
36.3%
Chantons sous la pluieSingin' in the Rain
34.9%
Pour quelques dollars de plusFor a Few Dollars More
34.7%
Le parrainThe Godfather
34%
La-hautUp
34%
Le seigneur des anneaux - La communauté de l'anneauThe Lord of the Rings: The Fellowship of the Ring
32.7%
Un jour sans finGroundhog Day
32.5%
Vol au-dessus d'un nid de coucouOne Flew Over the Cuckoo's Nest
31.6%
Il était une fois dans l'ouestOnce Upon a Time in the West
31.2%
Rencontres du troisième typeClose Encounters of the Third Kind
30.9%
Un raisin au soleilA Raisin in the Sun
30.1%
L'armée des 12 singesTwelve Monkeys
27.5%
Le grand sommeilThe Big Sleep
26.8%
Les fraises sauvagesWild Strawberries
25.7%
Maman, j'ai raté l'avion!Home Alone
24.1%
Zombie - Le crépuscule des morts-vivantsDawn of the Dead
22.8%
Le septième sceauThe Seventh Seal
20.6%
Sur les quaisOn the Waterfront
18.1%
Compte sur moiStand By Me
16.9%
Le sens de la vieThe Meaning of Life
14.9%
Un homme d'exceptionA Beautiful Mind
13.6%
Crimes et délitsCrimes and Misdemeanors
11.6%
Une équipe hors du communA League of their Own
7.4%
Quatre garçons dans le ventA Hard Day's Night
4%
Le tombeau des luciolesGrave of the Fireflies
3.7%

You're not logged in!

Compare scores with friends on all Sporcle quizzes.
OR
Log In

Sporcle TV

Today on Sporcle TV


Watch our educational content, quiz creation guides, and fun videos on Sporcle TV.

Show Comments

Extras

Top Quizzes Today


Score Distribution

Paid Content

Your Account Isn't Verified!

In order to create a playlist on Sporcle, you need to verify the email address you used during registration. Go to your Sporcle Settings to finish the process.

Report this User

Report this user for behavior that violates our Community Guidelines.

Details: